000 00636nam a22002177a 4500
003 OSt
005 20150320183329.0
008 150218b xxu||||| |||| 00| 0 eng d
020 _a84-89540-00-4
040 _cBMC
082 _a972.8433
082 _a390.728412
100 1 _aAllwood Paredes, Juan
_931758
245 1 0 _aOsicala
_b: vida y pasión de una aldea salvadoreña
_cJuan Allwood Paredes
250 _a3ª ed
260 _aSan Salvador
_bEspacta
_c1985
300 _a279 p.
_c16 cm
651 2 4 _99306
_aMorazán (El Salvador)
_xDescripción
651 2 4 _912841
_aSanta Ana (El Salvador)
_xUsos y costumbres
942 _2ddc
_cBK
999 _c18684
_d18684